WWE Champions of the 2020s by Pictures - Statistics

General Stats
  • This quiz has been taken 315 times
    296 since last reset
  • The average score is 7 of 7
Answer Stats
Picture Answer % Correct
Brock Lesnar
98%
Randy Orton
98%
Roman Reigns
98%
The Miz
96%
Big E
93%
Bobby Lashley
92%
Drew McIntyre
90%
No matching quizzes found
Score Distribution
Percent of People with Each Score
Percentile by Number Answered
Your Score History
You have not taken this quiz since the last reset